The Extreme Cadbury Chocolate Quiz - Statistics

General Stats
  • This quiz has been taken 102 times
  • The average score is 4 of 10
Answer Stats
Hint Answer % Correct
What is the main colour of a box of Cadbury 'Favourites'? Purple
91%
Which bar contains honeycomb, surrounded by milk chocolate? Crunchie
76%
Creme Eggs appear in the shops in which month, in celebration of Easter? January
65%
Which Cadbury's chocolate bar promises to be, 'full of Eastern promise'? Turkish Delight
54%
What is the name of Cadbury's milk chocolate, containing only hazelnuts? Whole Nut
46%
What is the name of Cadbury's dark, or plain, chocolate? Bournville
35%
What specialty bar, sold in 100g bars only in the UK, consists of dark chocolate, and is filled with rum and raisin flavour centre? Old Jamaica
12%
What name is given to the selection of fun- size versions of the standard size chocolate bars, that is sold in 500g and 1kg size drums? Miniature heroes
5%
Which famous nursery rhyme story was used as the advertising slogan to promote Cadburys Caramel bars? Hare and the Tortoise
1%
What is the first name of Cadbury, who founded the business? John
1%
No matching quizzes found
Score Distribution
Percent of People with Each Score
Percentile by Number Answered
Your Score History
You have not taken this quiz